Aritmética y álgebra /
Guardado en:
| Autor Principal: | |
|---|---|
| Formato: | Libro |
| Idioma: | Spanish German |
| Publicado: |
Buenos Aires :
Ibero-Americana,
c1948.
|
| Edición: | 2.ª ed. |
| Etiquetas: |
Agregar Etiqueta
Sin Etiquetas, Sea el primero en etiquetar este registro!
|
| LEADER | 00796nam a22002055a 4500 | ||
|---|---|---|---|
| 001 | MAT.inmabb001606 | ||
| 008 | 031124s1948####ag############000#0#spa#d | ||
| 005 | 20170818122850.0 | ||
| 245 | 1 | 0 | |a Aritmética y álgebra / |c Felix Klein ; [traducción de R. Araujo]. |
| 250 | |a 2.ª ed. | ||
| 260 | |a Buenos Aires : |b Ibero-Americana, |c c1948. | ||
| 300 | |a 218 p. ; |c 24 cm. | ||
| 500 | |a Traducción de: Elementarmathematik vom höheren Standpunkt aus. | ||
| 500 | |a Publicado originalmente: Madrid, 1927. | ||
| 100 | 1 | |a Klein, Felix, |d 1849-1925. | |
| 240 | 1 | 0 | |a Elementarmathematik vom höheren Standpunkt aus. |l Español |
| 246 | 1 | |i Cab. de portada: |a Matemática elemental desde un punto de vista superior | |
| 084 | |a 00-01 |a 00A05 |2 msc2000 | ||
| 041 | 1 | |a spa |h ger | |
| 859 | |h 00A05 |i K64a-2 |p A-1985 |b BIB. MATEMATICA | ||
